First 25 Perfect Squares in Order - Statistics

General Stats
  • This quiz has been taken 1,202 times
    1,193 since last reset
  • The average score is 21 of 25
Answer Stats
Hint Answer % Correct
1 1
100%
2 4
98%
3 9
98%
4 16
97%
5 25
95%
6 36
95%
7 49
95%
8 64
95%
9 81
95%
10 100
94%
11 121
94%
12 144
93%
13 169
88%
15 225
86%
14 196
85%
20 400
79%
16 256
74%
17 289
72%
18 324
70%
25 625
70%
19 361
67%
21 441
66%
22 484
64%
23 529
63%
24 576
62%
No matching quizzes found
Score Distribution
Percent of People with Each Score
Percentile by Number Answered
Your Score History
You have not taken this quiz since the last reset